|
|
|
|
| LEADER |
03610nam a22004935i 4500 |
| 001 |
978-3-319-13455-0 |
| 003 |
DE-He213 |
| 005 |
20151204152233.0 |
| 007 |
cr nn 008mamaa |
| 008 |
150118s2015 gw | s |||| 0|eng d |
| 020 |
|
|
|a 9783319134550
|9 978-3-319-13455-0
|
| 024 |
7 |
|
|a 10.1007/978-3-319-13455-0
|2 doi
|
| 040 |
|
|
|d GrThAP
|
| 050 |
|
4 |
|a LB2300-2799.3
|
| 072 |
|
7 |
|a JNM
|2 bicssc
|
| 072 |
|
7 |
|a EDU015000
|2 bisacsh
|
| 082 |
0 |
4 |
|a 378
|2 23
|
| 100 |
1 |
|
|a Lenzen, Dieter.
|e author.
|
| 245 |
1 |
0 |
|a University of the World
|h [electronic resource] :
|b A Case for a World University System /
|c by Dieter Lenzen.
|
| 264 |
|
1 |
|a Cham :
|b Springer International Publishing :
|b Imprint: Springer,
|c 2015.
|
| 300 |
|
|
|a V, 52 p. 3 illus.
|b online resource.
|
| 336 |
|
|
|a text
|b txt
|2 rdacontent
|
| 337 |
|
|
|a computer
|b c
|2 rdamedia
|
| 338 |
|
|
|a online resource
|b cr
|2 rdacarrier
|
| 347 |
|
|
|a text file
|b PDF
|2 rda
|
| 505 |
0 |
|
|a 1. Three Ideas of the University in the Globalization Process -- 2.The Dynamics of Global Social Systems -- 3. Global Challenges in the Post-Secondary Sector as a Springboard for Comparing Systems -- 4. On the Genesis of Three Distinct University Systems in the Post-Secondary Sector -- 5. Convergence and Divergence: Current System Dynamics in the Post-Secondary Sector -- 5.1. Theory of the University -- 5.2. The Idea of Education -- 5.3. University Admission. - 5.4. University Autonomy and Academic Freedom -- 5.5. Differentiation in the Post-Secondary System -- 5.6. University Funding -- 5.7. Individual Dynamics of the Three Post-Secondary Systems -- 6. Fair Chances in a World University System? -- 7. Conclusion -- 8. References.
|
| 520 |
|
|
|a In this book, Dieter Lenzen analyzes the world's three major educational systems: the Continental-European, the Atlantic (Anglo-American), and the East Asian. Distancing himself from the current trend towards the economically driven Anglo-American system of education, the author proposes an alternative model, "a university of the world". Contents: · Three concepts of the university in the globalization process · The dynamics of global social systems · Global challenges in the post-secondary educational sector as springboard for comparing systems · Convergence and divergence: current system dynamics in the post-secondary sector · Can there be fair chances in a world university system? · Conclusion Target readers: · Theorists of higher education · Policy makers of higher education · Administrators of higher education · Social scientists The author: Professor Dr. Dieter Lenzen is the president of Universität Hamburg, vice president of the German Rectors' Conference (HRK) in Germany and the German universities' spokesperson for the HRK. .
|
| 650 |
|
0 |
|a Education.
|
| 650 |
|
0 |
|a International education.
|
| 650 |
|
0 |
|a Comparative education.
|
| 650 |
|
0 |
|a Educational policy.
|
| 650 |
|
0 |
|a ducation and state.
|
| 650 |
|
0 |
|a Higher education.
|
| 650 |
1 |
4 |
|a Education.
|
| 650 |
2 |
4 |
|a Higher Education.
|
| 650 |
2 |
4 |
|a Educational Policy and Politics.
|
| 650 |
2 |
4 |
|a International and Comparative Education.
|
| 650 |
2 |
4 |
|a Education, general.
|
| 710 |
2 |
|
|a SpringerLink (Online service)
|
| 773 |
0 |
|
|t Springer eBooks
|
| 776 |
0 |
8 |
|i Printed edition:
|z 9783319134543
|
| 856 |
4 |
0 |
|u http://dx.doi.org/10.1007/978-3-319-13455-0
|z Full Text via HEAL-Link
|
| 912 |
|
|
|a ZDB-2-SHU
|
| 950 |
|
|
|a Humanities, Social Sciences and Law (Springer-11648)
|